| 000 | 00489nam a22001697a 4500 | ||
|---|---|---|---|
| 003 | OSt | ||
| 005 | 20260330115558.0 | ||
| 008 | 260330b |||||||| |||| 00| 0 Pun d | ||
| 020 | _a81876542424 | ||
| 040 | _cBGL | ||
| 100 | _aਸੱਗੂ ਹਰਬੰਸ ਕੌਰ | ||
| 245 | _aਬਾਬਾ ਬੰਦਾ ਸਿੰਘ ਬਹਾਦਰ :ਮਹਾਨ ਸਿੱਖ ਜਰਨੈਲ | ||
| 260 |
_aDelhi _bManpreet Prakashan _c2022 |
||
| 300 | _a224p | ||
| 650 | _aPunjabi | ||
| 942 |
_2ddc _cGB |
||
| 999 |
_c44344 _d44344 |
||